[Event "35. DSenEM 65+"]
[Site "Bad Wildungen"]
[Date "2023.07.19"]
[Round "3.16"]
[White "Krien, Hartmut"]
[Black "Salov, Sergej"]
[Result "0-1"]
[WhiteElo "1943"]
[BlackElo "2162"]
[PlyCount "176"]
[EventDate "2023.??.??"]
[WhiteTeam "Schachklub Heidenau"]
[BlackTeam "Luebecker SV von 1873"]

1. e4 c5 2. Nc3 e6 3. Nge2 Nc6 4. g3 Nf6 5. Bg2 d6 6. O-O Be7 7. d3 O-O 8. h3 Rb8 9. f4 d5 10. e5 Nd7 11. g4 b5 12. Ng3 c4 13. Kh2 b4 14. Nxd5 exd5 15. Bxd5 Bb7 16. dxc4 Na5 17. b3 Nb6 18. Nf5 Bc5 19. Bxb7 Qxd1 20. Rxd1 Nxb7 21. Bb2 Rfd8 22. Rd3 Nd7 23. Rad1 Nf8 24. Kg2 Ne6 25. Kf3 g5 26. Bc1 gxf4 27. Bxf4 Bf8 28. Be3 Bc5 29. h4 a5 30. Bxc5 Nexc5 31. Ne7+ Kf8 32. Nc6 Nxd3 33. cxd3 Rbc8 34. Nxd8 Nxd8 35. d4 Ne6 36. d5 Nc5 37. Ke3 a4 38. bxa4 Nxa4 39. Kd4 Nc5 40. Rb1 Na6 41. Rf1 Ke8 42. Rf6 Nc7 43. Rb6 Ra8 44. Rxb4 Rxa2 45. Rb8+ Kd7 46. Rf8 Rf2 47. Ke4 Na6 48. Rh8 Nc5+ 49. Ke3 Rg2 50. g5 Rg4 51. Rxh7 Ke8 52. Rh8+ Kd7 53. Rf8 Ke7 54. Rc8 Nd7 55. e6 fxe6 56. dxe6 Ne5 57. Rh8 Nxc4+ 58. Kf2 Kxe6 59. Rh6+ Kf7 60. Rf6+ Kg7 61. Rh6 Ne5 62. Ke2 Nf7 63. Ra6 Rxh4 64. g6 Ne5 65. Ke3 Nxg6 66. Kf2 Rb4 67. Kg3 Kh6 68. Kh3 Re4 69. Rb6 Kg5 70. Kg3 Ne5 71. Ra6 Re3+ 72. Kg2 Ng4 73. Ra5+ Kh4 74. Ra8 Re2+ 75. Kf3 Re6 76. Ra4 Rf6+ 77. Kg2 Rf2+ 78. Kg1 Re2 79. Kf1 Re3 80. Ra8 Kg3 81. Rg8 Re6 82. Rg7 Kf3 83. Rf7+ Nf6 84. Rf8 Rd6 85. Ke1 Ke3 86. Kf1 Ne4 87. Kg2 Rg6+ 88. Kf1 Nd2+ 0-1

[Event "35. DSenEM 65+"]
[Site "Bad Wildungen"]
[Date "2023.07.19"]
[Round "3.17"]
[White "Gruzmann, Boris"]
[Black "Keller, Harald"]
[Result "1-0"]
[WhiteElo "2162"]
[BlackElo "2040"]
[PlyCount "59"]
[EventDate "2023.??.??"]
[WhiteTeam "Luebecker SV von 1873"]
[BlackTeam "SV Rottweil"]

1. e4 Nf6 2. e5 Nd5 3. d4 d6 4. Bc4 Nb6 5. Bb3 dxe5 6. Qh5 e6 7. dxe5 a5 8. a4 Na6 9. Nc3 Nc5 10. Ba2 Nbxa4 11. Nxa4 Nxa4 12. Qg4 Bb4+ 13. Ke2 Kf8 14. c3 Nxc3+ 15. bxc3 Bxc3 16. Ba3+ Kg8 17. Rd1 Qe8 18. Nf3 Bd7 19. Rd3 Bb4 20. Bc1 h6 21. h4 Bb5 22. Bc4 c5 23. Nd2 Bxc4 24. Nxc4 b5 25. Nd6 Qc6 26. Rg3 Rh7 27. Rd1 c4 28. Bxh6 f5 29. Qxg7+ Rxg7 30. Rxg7+ 1-0

[Event "35. DSenEM 65+"]
[Site "Bad Wildungen"]
[Date "2023.07.19"]
[Round "3.18"]
[White "Krueger, Erich"]
[Black "Galow, Wolfgang Paul"]
[Result "1-0"]
[WhiteElo "2146"]
[BlackElo "2018"]
[PlyCount "101"]
[EventDate "2023.??.??"]
[WhiteTeam "Schachfreunde Essen-Katernberg"]
[BlackTeam "FC Bayern Muenchen e.V."]

1. d4 d6 2. c4 e5 3. d5 Bf5 4. Nc3 Nf6 5. g3 Be7 6. Bg2 Na6 7. e4 Bg6 8. Nge2 Nc5 9. Qc2 a5 10. O-O O-O 11. f4 exf4 12. Nxf4 Nfd7 13. Nxg6 hxg6 14. Be3 Bf6 15. Rad1 Qe7 16. Nb5 Rac8 17. Rfe1 Ne5 18. Kh1 g5 19. Nd4 Rce8 20. Nf5 Qd8 21. b3 g6 22. Nd4 Kg7 23. a3 Rh8 24. b4 axb4 25. axb4 Ncd7 26. Qe2 g4 27. Qc2 Rh5 28. c5 Reh8 29. Bg1 R8h7 30. c6 bxc6 31. dxc6 Nf8 32. b5 Ne6 33. Nxe6+ fxe6 34. b6 cxb6 35. c7 Qc8 36. Rxd6 Kg8 37. Rxe6 Rxc7 38. Qb3 Kg7 39. Rxb6 Nd7 40. Rb5 Rc3 41. Qb1 Be5 42. Rd1 Rxg3 43. Rb7 Bc7 44. Rc1 Nc5 45. Rxc5 Rxc5 46. Bxc5 Rd3 47. e5 Rd7 48. e6 Rd2 49. Bb6 Qxe6 50. Rxc7+ Kg8 51. Qa1 1-0

[Event "35. DSenEM 65+"]
[Site "Bad Wildungen"]
[Date "2023.07.19"]
[Round "3.19"]
[White "Bischoff, Ulrich"]
[Black "Partenheimer, Axel"]
[Result "1/2-1/2"]
[WhiteElo "1912"]
[BlackElo "2123"]
[PlyCount "28"]
[EventDate "2023.??.??"]
[WhiteTeam "Sfr. Erbach"]
[BlackTeam "Duesseldorfer Schachklub 14/25 e"]

1. d4 d5 2. c4 c6 3. Nf3 Nf6 4. g3 dxc4 5. Bg2 Nbd7 6. a4 a5 7. Nc3 e6 8. O-O Bb4 9. Qc2 O-O 10. Rd1 Qe7 11. e4 h6 12. e5 Nd5 13. Ne4 N7b6 14. h4 f5 1/2-1/2

[Event "35. DSenEM 65+"]
[Site "Bad Wildungen"]
[Date "2023.07.19"]
[Round "3.20"]
[White "Knaak, Joachim"]
[Black "Krueger, Norbert"]
[Result "1-0"]
[WhiteElo "2121"]
[BlackElo "1971"]
[PlyCount "69"]
[EventDate "2023.??.??"]
[WhiteTeam "SV Dresden-Leuben"]
[BlackTeam "Ratinger Schachklub 1950"]

1. d4 e6 2. c4 f5 3. Nf3 Nf6 4. g3 Bb4+ 5. Bd2 Qe7 6. Bg2 O-O 7. O-O Bxd2 8. Qxd2 Ne4 9. Qc2 d6 10. Nc3 Nxc3 11. Qxc3 Nd7 12. b4 e5 13. d5 c5 14. dxc6 bxc6 15. Rfd1 Nf6 16. c5 Nd5 17. cxd6 Qxd6 18. Nxe5 Nxc3 19. Rxd6 Nxe2+ 20. Kh1 f4 21. Bxc6 Rb8 22. Re1 Nc3 23. Rd3 Nb5 24. Bd5+ Kh8 25. Nf7+ Kg8 26. Re7 Bf5 27. Nh6+ Kh8 28. Nxf5 Rxf5 29. a4 Nc3 30. Be6 Re5 31. Rxc3 h6 32. gxf4 Re4 33. f5 Rexb4 34. Rg3 Rxa4 35. Rgxg7 1-0

[Event "35. DSenEM 65+"]
[Site "Bad Wildungen"]
[Date "2023.07.19"]
[Round "3.21"]
[White "Rydzewski, Klaus"]
[Black "Steinmacher, Josef"]
[Result "1/2-1/2"]
[WhiteElo "2089"]
[BlackElo "1949"]
[PlyCount "33"]
[EventDate "2023.??.??"]
[WhiteTeam "Schachverein Horst-Emscher 31"]
[BlackTeam "SF Bad Mergentheim"]

1. e4 Nf6 2. e5 Nd5 3. d4 d6 4. exd6 exd6 5. c4 Nf6 6. Bg5 Be7 7. Nf3 O-O 8. Be2 h6 9. Bh4 Bf5 10. Nc3 Re8 11. O-O Nc6 12. Qb3 Qd7 13. Rad1 a6 14. Rfe1 Ne4 15. Bxe7 Nxc3 16. Qxc3 Rxe7 17. d5 1/2-1/2

[Event "35. DSenEM 65+"]
[Site "Bad Wildungen"]
[Date "2023.07.19"]
[Round "3.22"]
[White "Polster, Wolfgang"]
[Black "Schaefer, Martin"]
[Result "0-1"]
[WhiteElo "2223"]
[BlackElo "1929"]
[PlyCount "82"]
[EventDate "2023.??.??"]
[WhiteTeam "SV 03/25 Koblenz"]
[BlackTeam "SG Ennepe-Ruhr-Sued e.V."]

1. d4 f5 2. Nc3 d5 3. Nf3 e6 4. Bg5 Be7 5. Bxe7 Qxe7 6. e3 Nf6 7. Ne5 O-O 8. Be2 c5 9. O-O Nc6 10. f4 cxd4 11. Nxc6 bxc6 12. exd4 Qb4 13. Rb1 c5 14. a3 Qa5 15. Qd2 Bd7 16. Rfd1 cxd4 17. Ne4 Qxd2 18. Nxf6+ gxf6 19. Rxd2 Rac8 20. Rxd4 Rxc2 21. Bd1 Rc7 22. Kf2 Rfc8 23. Ke3 Rc5 24. Bf3 Kf7 25. Rbd1 Rc2 26. Rb4 Ke7 27. Rd2 Kd6 28. Rxc2 Rxc2 29. Rb7 Rc7 30. Rb8 e5 31. Bd1 d4+ 32. Kd3 Rc5 33. Bb3 Rb5 34. Rxb5 Bxb5+ 35. Bc4 Kc6 36. b3 a6 37. a4 Bxc4+ 38. Kxc4 a5 39. g3 h6 40. h3 h5 41. h4 Kb6 0-1

[Event "35. DSenEM 65+"]
[Site "Bad Wildungen"]
[Date "2023.07.19"]
[Round "3.23"]
[White "Hartstock, Elmar"]
[Black "Schumacher, Gottfried"]
[Result "0-1"]
[WhiteElo "1831"]
[BlackElo "2147"]
[PlyCount "96"]
[EventDate "2023.??.??"]
[WhiteTeam "SC Ansbach 1855 e.V."]
[BlackTeam "Bad Neuenahr"]

1. d4 e6 2. Nf3 c5 3. e3 b6 4. c4 cxd4 5. exd4 Nf6 6. Nc3 Be7 7. Bd3 O-O 8. O-O Bb7 9. Re1 d5 10. cxd5 Nxd5 11. Nxd5 Bxd5 12. Be4 Nc6 13. Bf4 Bf6 14. Bxd5 Qxd5 15. Be3 Rfd8 16. Re2 Nxd4 17. Bxd4 Bxd4 18. Rd2 e5 19. Qe2 Rd6 20. Rad1 Rad8 21. Kf1 Qxa2 22. Nxd4 exd4 23. f3 Qe6 24. Qd3 Qe5 25. g3 a5 26. Re1 Qf6 27. Rde2 g6 28. Re8+ Kg7 29. R8e4 Qf5 30. g4 Qc5 31. Re5 Rd5 32. f4 b5 33. Rxd5 Qxd5 34. Kf2 Qc4 35. Qe4 d3 36. Qe5+ Kg8 37. Qf6 Qd4+ 38. Qxd4 Rxd4 39. Ke3 Rb4 40. Kxd3 Rxb2 41. Re5 a4 42. Kc3 a3 43. h4 b4+ 44. Kd3 a2 45. g5 a1=Q 46. h5 gxh5 47. g6 Rb3+ 48. Ke4 Qe1+ 0-1

[Event "35. DSenEM 65+"]
[Site "Bad Wildungen"]
[Date "2023.07.19"]
[Round "3.24"]
[White "Paus, Franz"]
[Black "Josting, Friedel"]
[Result "1-0"]
[WhiteElo "2014"]
[BlackElo "1795"]
[PlyCount "71"]
[EventDate "2023.??.??"]
[WhiteTeam "Schachfuechse Kempen 1986 e. V."]
[BlackTeam "Schachgemeinschaft Buende 1945"]

1. d4 Nf6 2. c4 e6 3. Nc3 d5 4. Nf3 c6 5. e3 Nbd7 6. Qc2 Be7 7. Ne5 Nxe5 8. dxe5 Nd7 9. f4 a6 10. a3 b5 11. cxb5 cxb5 12. Bd3 g6 13. O-O Bb7 14. Kh1 Nc5 15. b4 Nxd3 16. Qxd3 O-O 17. Bb2 Rc8 18. Ne2 Rc4 19. Nd4 Qc7 20. Rf3 Bc6 21. f5 exf5 22. Nxf5 d4 23. Rg3 Kh8 24. Nxe7 Qxe7 25. Bxd4 Qe6 26. Rf1 Kg8 27. Qe2 Be4 28. h4 Rc2 29. Qg4 Qxg4 30. Rxg4 Bd5 31. h5 Rfc8 32. hxg6 hxg6 33. e6 Bxe6 34. Rh4 Kf8 35. Bf6 Ke8 36. Rd1 1-0

[Event "35. DSenEM 65+"]
[Site "Bad Wildungen"]
[Date "2023.07.19"]
[Round "3.25"]
[White "Zilch, Lothar"]
[Black "Boeven, Manfred"]
[Result "1/2-1/2"]
[WhiteElo "1825"]
[BlackElo "2007"]
[PlyCount "78"]
[EventDate "2023.??.??"]
[WhiteTeam "SV Alsfeld"]
[BlackTeam "Schachfreunde Geilenkirchen 1984"]

1. d4 d5 2. Nf3 Bf5 3. Bf4 e6 4. e3 Bd6 5. Bg3 Nf6 6. Bd3 Bxd3 7. Qxd3 c6 8. O-O Bxg3 9. hxg3 Nbd7 10. Nbd2 O-O 11. c4 Re8 12. cxd5 exd5 13. Qb3 Qb6 14. Rfc1 Ne4 15. Nxe4 Qxb3 16. axb3 Rxe4 17. Ne1 a6 18. Nd3 f5 19. Ra4 Rae8 20. Kf1 g5 21. Raa1 Kg7 22. Re1 h5 23. Rad1 h4 24. gxh4 Rxh4 25. g3 Rh2 26. Ke2 Reh8 27. b4 Nf6 28. Rg1 Ng4 29. Rdf1 Re8 30. Kd1 Ra8 31. Rh1 a5 32. bxa5 Rxa5 33. Rxh2 Nxh2 34. Rh1 Ra1+ 35. Nc1 Ng4 36. Rf1 Kf6 37. Ke2 Kg6 38. Nd3 Ra2 39. Rc1 Nf6 1/2-1/2

[Event "35. DSenEM 65+"]
[Site "Bad Wildungen"]
[Date "2023.07.19"]
[Round "3.26"]
[White "Dolezal, Hans-Peter"]
[Black "Gollasch, Theo-Heinz"]
[Result "1/2-1/2"]
[WhiteElo "1815"]
[BlackElo "1997"]
[PlyCount "106"]
[EventDate "2023.??.??"]
[WhiteTeam "FC Bayern Muenchen e.V."]
[BlackTeam "Hamburger SK von 1830 eV"]

1. e4 c5 2. Nf3 d6 3. Bb5+ Nd7 4. O-O a6 5. Bxd7+ Bxd7 6. d4 cxd4 7. Qxd4 e5 8. Qd1 h6 9. c4 Nf6 10. Re1 Qc7 11. b3 Be7 12. Bb2 O-O 13. Nc3 Rac8 14. h3 Be6 15. Nd5 Nxd5 16. cxd5 Bd7 17. Qd2 Qb6 18. Rac1 a5 19. Ba3 Rfe8 20. Rxc8 Bxc8 21. Rc1 Bd7 22. Qc3 Rc8 23. Qd2 Bd8 24. Rxc8 Bxc8 25. Qc3 Qc7 26. Qxc7 Bxc7 27. Nd2 b5 28. b4 a4 29. Bc1 Bb6 30. Nb1 Bd4 31. Kf1 f5 32. f3 Kf7 33. Ke2 f4 34. Bd2 g5 35. Be1 h5 36. Bf2 Bb2 37. Bb6 Ke7 38. Kd2 g4 39. hxg4 hxg4 40. Kc2 a3 41. Nc3 gxf3 42. gxf3 Bh3 43. Nxb5 Bg2 44. Nc3 Bxf3 45. Bf2 Bxc3 46. Kxc3 Bxe4 47. Kc4 Bb1 48. Kb3 e4 49. Bh4+ Kd7 50. Bg5 e3 51. Bxf4 e2 52. Bg3 Be4 53. Kc4 Bb1 1/2-1/2

[Event "35. DSenEM 65+"]
[Site "Bad Wildungen"]
[Date "2023.07.19"]
[Round "3.27"]
[White "Meinke, Dietlind"]
[Black "Tuertmann, Dieter"]
[Result "1/2-1/2"]
[WhiteElo "1793"]
[BlackElo "1953"]
[PlyCount "31"]
[EventDate "2023.??.??"]
[WhiteTeam "MTV Leck von 1889"]
[BlackTeam "ESV 1949 Eberswalde e.V."]

1. d4 d6 2. Bf4 Nf6 3. e3 g6 4. Nd2 Bg7 5. c3 c6 6. Be2 Nbd7 7. Ngf3 Qc7 8. Qc2 O-O 9. h4 Nh5 10. Bh2 Ndf6 11. Ng5 h6 12. Nge4 Nxe4 13. Nxe4 f5 14. Bxh5 gxh5 15. Ng3 e5 16. Nxh5 1/2-1/2

[Event "35. DSenEM 65+"]
[Site "Bad Wildungen"]
[Date "2023.07.19"]
[Round "3.28"]
[White "Vasiljev, Jurij"]
[Black "Nemoj, Ilja"]
[Result "1-0"]
[WhiteElo "1953"]
[BlackElo "1792"]
[PlyCount "61"]
[EventDate "2023.??.??"]
[WhiteTeam "Schachfreunde Moers e. V."]
[BlackTeam "Schachverein Horst-Emscher 31"]

1. c4 e6 2. Nf3 f5 3. Nc3 Nf6 4. d4 Be7 5. g3 b6 6. Bg2 Bb7 7. O-O O-O 8. d5 exd5 9. cxd5 d6 10. Nd4 Bc8 11. Qc2 g6 12. b4 a6 13. a4 Kg7 14. Bb2 Qe8 15. e4 f4 16. gxf4 Nh5 17. Nce2 Kg8 18. Qxc7 Nxf4 19. Nxf4 Rxf4 20. Rac1 Nd7 21. Ne6 Rf7 22. f4 Nf8 23. Qc3 Bf6 24. e5 Bh8 25. Nc7 Qe7 26. Nxa8 Qh4 27. Qxc8 Rxf4 28. Rxf4 Qxf4 29. Rf1 Qe3+ 30. Kh1 Bg7 31. e6 1-0

[Event "35. DSenEM 65+"]
[Site "Bad Wildungen"]
[Date "2023.07.19"]
[Round "3.29"]
[White "Krum, Beate"]
[Black "Walther, Reinhard"]
[Result "1-0"]
[WhiteElo "1717"]
[BlackElo "1953"]
[PlyCount "113"]
[EventDate "2023.??.??"]
[WhiteTeam "SG Heidelberg-Kirchheim"]
[BlackTeam "SK 1911 Herzogenaurach e.V."]

1. d4 d5 2. c4 c6 3. e3 Nf6 4. Nc3 Bf5 5. Nf3 e6 6. Be2 dxc4 7. Bxc4 Bd6 8. Bd2 Nbd7 9. Rc1 O-O 10. h3 Ne4 11. Nxe4 Bxe4 12. Bc3 Nf6 13. O-O Nd5 14. Bd3 Nxc3 15. Rxc3 Bxd3 16. Rxd3 Qe7 17. Qb3 Rad8 18. Rfd1 Bb8 19. e4 Rd6 20. g3 Rfd8 21. Kg2 f6 22. a3 Qd7 23. Qc4 Kf8 24. b4 a6 25. Qc5 Kf7 26. Qh5+ Kg8 27. Qg4 e5 28. Qxd7 R8xd7 29. d5 cxd5 30. Rxd5 Rxd5 31. Rxd5 Rxd5 32. exd5 Kf7 33. Nd2 Ke7 34. Nc4 Kd7 35. g4 b5 36. Ne3 g6 37. Kf3 Ba7 38. Ke4 Kd6 39. Nd1 Bd4 40. f4 Ba1 41. fxe5+ fxe5 42. Ne3 Bb2 43. Nc2 Bc1 44. h4 Bb2 45. h5 Bc1 46. hxg6 hxg6 47. Ne1 Bb2 48. Nd3 Bxa3 49. g5 Bxb4 50. Nxb4 a5 51. Nd3 b4 52. Nxe5 a4 53. Kd4 a3 54. Nc4+ Kd7 55. Nd2 a2 56. Nb3 Kc7 57. Kc5 1-0

[Event "35. DSenEM 65+"]
[Site "Bad Wildungen"]
[Date "2023.07.19"]
[Round "3.30"]
[White "Brettschneider, Karl"]
[Black "Thielemann, Joachim"]
[Result "1-0"]
[WhiteElo "1949"]
[BlackElo "1727"]
[PlyCount "69"]
[EventDate "2023.??.??"]
[WhiteTeam "SC Leinfelden"]
[BlackTeam "SV Eutin von 1875"]

1. c4 e5 2. Nc3 Nf6 3. g3 c6 4. Bg2 Be7 5. e4 d6 6. d4 exd4 7. Qxd4 O-O 8. Nge2 Na6 9. O-O Be6 10. b3 Rc8 11. Be3 b6 12. h3 Qc7 13. Nf4 Nb4 14. Qd2 a5 15. Na4 c5 16. Nc3 Bd7 17. a3 Nc6 18. Nfd5 Qd8 19. Rad1 Be6 20. Nxe7+ Nxe7 21. Qxd6 Ng6 22. Bg5 Qxd6 23. Rxd6 Nd7 24. Rfd1 h6 25. Be3 Rfd8 26. f4 Ne7 27. f5 Nxf5 28. exf5 Bxf5 29. Nd5 Re8 30. Rd2 Kf8 31. Kf2 Rb8 32. g4 Be6 33. Nc7 Re7 34. Nxe6+ fxe6 35. Rxd7 1-0

[Event "35. DSenEM 65+"]
[Site "Bad Wildungen"]
[Date "2023.07.19"]
[Round "3.31"]
[White "Beisinghoff, Rudolf"]
[Black "Lehr, Thomas"]
[Result "0-1"]
[WhiteElo "1610"]
[BlackElo "1937"]
[PlyCount "90"]
[EventDate "2023.??.??"]
[WhiteTeam "SV Anderssen Arolsen"]
[BlackTeam "Husumer SV von 1898"]

1. e4 d5 2. exd5 Qxd5 3. Nc3 Qd6 4. d4 Nf6 5. Nb5 Qb6 6. a4 a6 7. a5 Qe6+ 8. Be3 axb5 9. Bxb5+ c6 10. Ba4 Rxa5 11. Bb3 Rxa1 12. Qxa1 Qd6 13. Ne2 Na6 14. O-O e6 15. f4 Be7 16. c3 O-O 17. Ng3 Nc7 18. f5 Ncd5 19. Bd2 Bd8 20. c4 Ne7 21. Bc3 Nxf5 22. Nxf5 exf5 23. c5 Qb8 24. Be1 Bc7 25. h3 Re8 26. Bh4 Ne4 27. g4 g5 28. Be1 f4 29. Bc2 Nf6 30. h4 h6 31. Kg2 Nxg4 32. Rh1 Ne3+ 33. Kf2 Nxc2 34. Qd1 Rxe1 35. Rxe1 Nxe1 36. Qh5 Nd3+ 37. Kg1 g4 38. Qxh6 Bd8 39. Qd6 Qxd6 40. cxd6 Bxh4 41. b3 f3 42. Kf1 g3 43. d7 Bxd7 44. b4 Bh3+ 45. Kg1 f2+ 0-1

[Event "35. DSenEM 65+"]
[Site "Bad Wildungen"]
[Date "2023.07.19"]
[Round "3.32"]
[White "Nosek, Reinhard"]
[Black "Berger, Volkmar"]
[Result "1-0"]
[WhiteElo "1933"]
[BlackElo "1698"]
[PlyCount "39"]
[EventDate "2023.??.??"]
[WhiteTeam "SSV 1952 Torgau e. V."]
[BlackTeam "Schachclub Senioren Cottbus"]

1. e4 d6 2. Bc4 Nf6 3. Nc3 Nc6 4. d4 g6 5. Be3 Bg7 6. Qe2 e5 7. Nf3 Ng4 8. O-O-O exd4 9. Nxd4 Nce5 10. Bb3 Nxe3 11. Qxe3 Qh4 12. g3 Qh6 13. f4 Ng4 14. Qe2 Bxd4 15. Ba4+ Kf8 16. Rxd4 Ne5 17. Nd5 Bg4 18. Qe3 c5 19. Rd2 Nc4 20. Qc3 1-0

[Event "35. DSenEM 65+"]
[Site "Bad Wildungen"]
[Date "2023.07.19"]
[Round "3.33"]
[White "Dorn, Hans-Juergen"]
[Black "Allgaier, Erik"]
[Result "0-1"]
[WhiteElo "1729"]
[BlackElo "1925"]
[PlyCount "72"]
[EventDate "2023.??.??"]
[WhiteTeam "Schachclub Bayer Uerdingen 1923"]
[BlackTeam "Schachclub Hans Clauert Trebbin"]

1. d4 d6 2. Nf3 g6 3. e4 Bg7 4. c3 Nc6 5. h3 e5 6. dxe5 Nxe5 7. Nxe5 dxe5 8. Qxd8+ Kxd8 9. Be3 Be6 10. Nd2 Bh6 11. Bxh6 Nxh6 12. Bc4 Ke7 13. Ke2 Rhd8 14. Bxe6 Kxe6 15. Nf3 f6 16. Rhd1 Rd6 17. Rxd6+ cxd6 18. Rd1 Ng8 19. Nd2 Rc8 20. Kd3 f5 21. f3 g5 22. g4 Ne7 23. c4 h5 24. Rg1 Rh8 25. Rh1 Nc6 26. a3 a5 27. a4 Nd4 28. Kc3 b6 29. Kd3 Ke7 30. Rh2 hxg4 31. fxg4 Kd7 32. c5 bxc5 33. Nc4 Nc6 34. Nd2 Nd4 35. Nc4 Rb8 36. Nd2 Rxb2 0-1

[Event "35. DSenEM 65+"]
[Site "Bad Wildungen"]
[Date "2023.07.19"]
[Round "3.34"]
[White "Pos, Joshua"]
[Black "Wulf, Adalbert"]
[Result "0-1"]
[WhiteElo "1404"]
[BlackElo "1833"]
[PlyCount "56"]
[EventDate "2023.??.??"]
[WhiteTeam "SC Papenburg"]
[BlackTeam "Schachverein Ennigerloh-Oelde"]

1. e4 d6 2. d4 c6 3. Nc3 Qc7 4. f4 e5 5. Nf3 Bg4 6. Be3 Nd7 7. h3 Bxf3 8. Qxf3 Ngf6 9. O-O-O Be7 10. Bc4 O-O 11. g4 b5 12. Bb3 a5 13. a4 b4 14. Na2 c5 15. dxc5 dxc5 16. Bd5 Nxd5 17. Rxd5 c4 18. Rhd1 Rfd8 19. Rb5 Rab8 20. Rdd5 Rxb5 21. Rxb5 Bd6 22. f5 Bc5 23. g5 Qa7 24. Bxc5 Nxc5 25. g6 fxg6 26. fxg6 hxg6 27. Qe3 Nd3+ 28. cxd3 Qxe3+ 0-1

[Event "35. DSenEM 65+"]
[Site "Bad Wildungen"]
[Date "2023.07.19"]
[Round "3.35"]
[White "Schubert, Hans-Joachim"]
[Black "Pundt, Wilfried"]
[Result "0-1"]
[WhiteElo "1534"]
[BlackElo "1822"]
[PlyCount "96"]
[EventDate "2023.??.??"]
[WhiteTeam "Schachgruppe Rochade Disteln"]
[BlackTeam "SK Bremen-Nord"]

1. d4 Nf6 2. Nf3 e6 3. e3 b6 4. Be2 Bb7 5. O-O Be7 6. Nbd2 O-O 7. a3 d6 8. b4 Nbd7 9. Bb2 Rc8 10. c4 c5 11. b5 Ne4 12. Nxe4 Bxe4 13. Bd3 Bxd3 14. Qxd3 f5 15. Rac1 Qe8 16. Qb3 g5 17. Qc3 g4 18. Ne1 Nf6 19. Nd3 Ne4 20. Qc2 cxd4 21. exd4 Bg5 22. Ra1 Nd2 23. Rfd1 Nxc4 24. Qe2 Rf6 25. a4 Nxb2 26. Nxb2 Rh6 27. Nc4 Rd8 28. Ra3 Bf4 29. h3 gxh3 30. Rxh3 Rxh3 31. gxh3 Qg6+ 32. Kf1 Rc8 33. Qd3 Qh5 34. Kg2 Rxc4 35. Qxc4 Qxd1 36. Qxe6+ Kg7 37. Qe7+ Kg6 38. Qe8+ Kf6 39. Qf8+ Kg6 40. Qg8+ Kh6 41. Qf8+ Kg5 42. Qg7+ Kh4 43. Qxh7+ Qh5 44. Qe7+ Qg5+ 45. Qxg5+ Bxg5 46. d5 Bd2 47. Kh2 Bf4+ 48. Kg2 Be5 0-1

[Event "35. DSenEM 65+"]
[Site "Bad Wildungen"]
[Date "2023.07.19"]
[Round "3.36"]
[White "Elkendorf, Werner"]
[Black "Mann, Klaus-Dieter"]
[Result "0-1"]
[WhiteElo "1578"]
[BlackElo "1908"]
[PlyCount "106"]
[EventDate "2023.??.??"]
[WhiteTeam "Schachfreunde Drensteinfurt e. V"]
[BlackTeam "SV Osnabrueck von 1919"]

1. d4 Nf6 2. Bf4 g6 3. Nd2 Bg7 4. c3 O-O 5. h3 d6 6. e3 Nbd7 7. Ngf3 b6 8. Bd3 Re8 9. Bc4 h6 10. Qb3 e6 11. O-O Bb7 12. Qc2 Qe7 13. Rfe1 d5 14. Bd3 Nf8 15. e4 dxe4 16. Bxe4 Nxe4 17. Nxe4 Rac8 18. Qd2 Kh7 19. Qd1 Nd7 20. Rb1 Nf6 21. Nxf6+ Qxf6 22. Be5 Qf5 23. Bxg7 Bxf3 24. Qxf3 Qxf3 25. gxf3 Kxg7 26. Kg2 Red8 27. f4 c5 28. dxc5 Rxc5 29. Rbd1 Rcd5 30. Rb1 Rd2 31. Kf1 Kf6 32. Kg2 R8d3 33. Re4 Rc2 34. h4 h5 35. Rd4 Rxd4 36. cxd4 Rd2 37. Kf3 Rxd4 38. Ke3 e5 39. fxe5+ Kxe5 40. Rg1 Rxh4 41. Rg5+ Ke6 42. Rg1 Rc4 43. b3 Rc5 44. Rd1 Rc2 45. a3 Rc3+ 46. Kd4 Rxb3 47. Rc1 Rb5 48. Rc6+ Kf5 49. Rc7 f6 50. Rxa7 Ra5 51. Rxa5+ bxa5 52. Kc4 h4 53. a4 h3 0-1

[Event "35. DSenEM 65+"]
[Site "Bad Wildungen"]
[Date "2023.07.19"]
[Round "3.37"]
[White "Otten, Arnold"]
[Black "Wolff, Stefan"]
[Result "0-1"]
[WhiteElo "1494"]
[BlackElo "1906"]
[PlyCount "56"]
[EventDate "2023.??.??"]
[WhiteTeam "ESV Rot-Weiss Goettingen"]
[BlackTeam "SchVgg Blankenese von 1923 e.V."]

1. d4 Nf6 2. Nf3 e6 3. c4 c5 4. d5 exd5 5. cxd5 Bd6 6. Nc3 Qe7 7. e3 a6 8. a4 Bc7 9. Be2 d6 10. O-O Bf5 11. Qb3 Ba5 12. Nd2 O-O 13. Rd1 Nbd7 14. Nc4 Bb4 15. a5 Rfb8 16. Na4 b5 17. axb6 Be4 18. Na5 Bxa5 19. b7 Ra7 20. Nxc5 Nxc5 21. Qc4 Bb6 22. b4 Nxb7 23. Rxa6 Rxa6 24. Qxa6 Nd8 25. Qc4 Qb7 26. Bb2 Rc8 27. Qb5 Ba7 28. Qa4 Bc2 0-1

[Event "35. DSenEM 65+"]
[Site "Bad Wildungen"]
[Date "2023.07.19"]
[Round "3.38"]
[White "Partsch, Manfred"]
[Black "Zimmermann, Manfred"]
[Result "0-1"]
[WhiteElo "1478"]
[BlackElo "1888"]
[PlyCount "58"]
[EventDate "2023.??.??"]
[WhiteTeam "Potsdamer SV Mitte e.V."]
[BlackTeam "Kieler Schachgesellschaft v.1884"]

1. d4 d5 2. Nf3 Bf5 3. Bf4 e6 4. e3 Nf6 5. Nbd2 Be7 6. Bd3 Bg6 7. Ne5 Nbd7 8. Ndf3 Nxe5 9. Nxe5 Nh5 10. Bb5+ c6 11. Nxc6 bxc6 12. Bxc6+ Kf8 13. Bxa8 Qxa8 14. O-O Nxf4 15. exf4 Qb8 16. g3 h5 17. Qe2 Bf5 18. c4 Bh3 19. Rfc1 dxc4 20. Qxc4 g6 21. Qc8+ Kg7 22. Qxb8 Rxb8 23. Rc2 Bf5 24. Rd2 Bb4 25. Re2 Bd3 26. Re3 Bc4 27. a3 Bd2 28. Rf3 Be2 29. Kg2 Rxb2 0-1

[Event "35. DSenEM 65+"]
[Site "Bad Wildungen"]
[Date "2023.07.19"]
[Round "3.39"]
[White "Schwarz, Hans"]
[Black "Kaland, Joachim"]
[Result "1-0"]
[WhiteElo "1855"]
[BlackElo "1458"]
[PlyCount "67"]
[EventDate "2023.??.??"]
[WhiteTeam "SV Rochade Magdeburg 96"]
[BlackTeam "Koenigsspr. SC.1984 e.V."]

1. e4 e6 2. d4 d5 3. Nc3 Bb4 4. e5 c5 5. a3 Bxc3+ 6. bxc3 Qc7 7. Bd2 Ne7 8. Qg4 cxd4 9. Qxg7 Rg8 10. Qxh7 Qxe5+ 11. Ne2 dxc3 12. Bxc3 Qf5 13. Qxf5 Nxf5 14. g3 Nc6 15. Nf4 d4 16. Bd2 b6 17. Bg2 Bd7 18. Nh5 Rg6 19. Be4 Rh6 20. Bxh6 Nxh6 21. Nf6+ Ke7 22. Nxd7 Kxd7 23. h4 Rc8 24. Bxc6+ Rxc6 25. O-O-O e5 26. Rhe1 f6 27. f4 Ng4 28. Rd3 Nf2 29. Rf3 Ng4 30. fxe5 Nxe5 31. Rb3 d3 32. Rxe5 Rxc2+ 33. Kd1 fxe5 34. Rxd3+ 1-0

[Event "35. DSenEM 65+"]
[Site "Bad Wildungen"]
[Date "2023.07.19"]
[Round "3.40"]
[White "Launert, Martin"]
[Black "Walther, Renate"]
[Result "1-0"]
[WhiteElo "1849"]
[BlackElo "1222"]
[PlyCount "65"]
[EventDate "2023.??.??"]
[WhiteTeam "Sfr. Erbach"]
[BlackTeam "SK 1911 Herzogenaurach e.V."]

1. e4 e5 2. Nf3 d5 3. exd5 Bd6 4. Nc3 Nf6 5. d3 O-O 6. Be2 c5 7. dxc6 Nxc6 8. Bg5 Be6 9. O-O h6 10. Bh4 Be7 11. Re1 Ng4 12. Bxe7 Qxe7 13. h3 Nf6 14. Nd2 Nh7 15. Bf3 Rad8 16. Bxc6 bxc6 17. Rxe5 Ng5 18. Re3 Qd7 19. Nce4 Nxh3+ 20. gxh3 Bxh3 21. Kh2 Bf5 22. Ng3 Qe6 23. Qf3 g6 24. Kg1 Qf6 25. Rae1 Kg7 26. Nde4 Qxb2 27. Nxf5+ gxf5 28. Qxf5 Rd5 29. Rg3+ Kh8 30. Qf4 Rh5 31. Nf6 Qb5 32. Nxh5 Qxh5 33. Qxf7 1-0

[Event "35. DSenEM 65+"]
[Site "Bad Wildungen"]
[Date "2023.07.19"]
[Round "3.41"]
[White "Schmieder, Wolfgang Ernst"]
[Black "Biller, Helmut"]
[Result "0-1"]
[WhiteElo "1754"]
[BlackElo "1980"]
[PlyCount "70"]
[EventDate "2023.??.??"]
[WhiteTeam "SK Hofgeismar"]
[BlackTeam "SF Frankfurt 1921"]

1. d4 Nf6 2. g3 d5 3. Bg2 e6 4. Nf3 c5 5. c3 Nc6 6. O-O Bd6 7. dxc5 Bxc5 8. b4 Bd6 9. a4 O-O 10. b5 Na5 11. Ba3 b6 12. Bxd6 Qxd6 13. Nbd2 Bb7 14. Nb3 Nc4 15. Nbd2 Rac8 16. Nxc4 Rxc4 17. Qb3 Rfc8 18. Rfc1 Ne4 19. Ra3 Qc5 20. Qb2 Nxc3 21. Rcxc3 Rxc3 22. Rxc3 Qxc3 23. Qxc3 Rxc3 24. Ne5 Ra3 25. Nc6 Bxc6 26. bxc6 Rc3 27. e4 Rxc6 28. exd5 Rc1+ 29. Bf1 exd5 30. Kg2 Kf8 31. Bb5 Ke7 32. Kf3 Rc8 33. Ke2 Ke6 34. f4 f6 35. Kf2 Rc2+ 0-1